Sociálne a ekonomické dôsledky nelegálnej práce bakalárska práca

Na minha lista:
Detalhes bibliográficos
Autor principal: Pastorek, Miroslav
Autor Corporativo: Národohospodárska fakulta EU. Katedra sociálneho rozvoja a práce
Outros Autores: Sika, Peter, 1975-
Formato: Livro
Idioma:eslovaco
Publicado em: Bratislava 2016
Tags: Adicionar Tag
Sem tags, seja o primeiro a adicionar uma tag!

MARC

LEADER 00000nbm a2200000 4500
001 0219815
005 20161118111738.7
041 0 |a slo 
044 |a SK 
245 1 0 |a Sociálne a ekonomické dôsledky nelegálnej práce  |b bakalárska práca  |c Miroslav Pastorek ; školiteľ: Peter Sika 
264 1 |a Bratislava  |c 2016 
300 |a 40 s. 
100 1 |a Pastorek, Miroslav 
700 1 |a Sika, Peter, 1975- 
710 2 |a Národohospodárska fakulta EU. Katedra sociálneho rozvoja a práce